| 000 | 01049nam a2200217Ia 4500 | ||
|---|---|---|---|
| 003 | OSt | ||
| 005 | 20241028093602.0 | ||
| 007 | ca aa aaaaa | ||
| 008 | 201103s9999 xx 000 0 und d | ||
| 040 | _cSSBUL | ||
| 041 | _abur | ||
| 082 |
_223 _a၂၉၄.၃၄၃၅၀၉ အောင် _b၉၂၈၇ (၁) S-SAT |
||
| 100 | 0 |
_aအောင်ခင်၊ ဦး၊ ဆရာ။ _917400 |
|
| 245 | 1 | 0 |
_aမြတ်စောညီနောင်ဘုရားသမိုင်းနှင့်တောင်ငူရာဇဝင် / _cဆရာဦးအောင်ခင်။ |
| 250 | _aဒုတိယအကြိမ်။ | ||
| 260 |
_aတောင်ငူ ၊ _bဇေယျစာပုံနှိပ်တိုက်၊ _c[ခုနှစ်မပါ]။ |
||
| 300 |
_a၅၂ စာမျက်နှာ ၊ _bပုံများ ၊ _c၁၉ စင်တီ။ |
||
| 500 | _aS-SAT: Dr. Sai Aung Tun | ||
| 650 |
_aမြတ်စောညီနောင်ဘုရား _vသမိုင်း _955023 |
||
| 942 |
_2ddc _cBK1 |
||
| 999 |
_c16818 _d16818 |
||